No Hint - Walk the Border of England - Name the Counties - Statistics

General Stats
  • This quiz has been taken 69 times
  • The average score is 19 of 26
Answer Stats
Hint Answer % Correct
Cornwall > E Devon
96%
N > Norfolk
91%
N > Suffolk
91%
E > Hampshire
89%
E > Kent
89%
E > West Sussex
89%
E > Dorset
87%
N > Essex
87%
E > East Sussex
85%
W > Lincolnshire
76%
N > Northumberland
72%
S > Cornwall
70%
N > North Yorkshire
70%
SW > Cumbria
69%
SW > Somerset
69%
S > Lancashire
67%
S > Merseyside
67%
N > East Riding Yorkshire
65%
W > Devon
63%
N > Tyne & Wear
63%
SW > Bristol
61%
N > Durham
61%
S > Shropshire
59%
S > Gloucestershire
57%
S > Cheshire
56%
S > Herefordshire
56%
No matching quizzes found
Score Distribution
Percent of People with Each Score
Percentile by Number Answered
Your Score History
You have not taken this quiz